000 01764nam a2200421Ii 4500
001 DIGUNIMAG0194
003 NyNyDIG
006 m o d
007 cr |||||||||||
008 250215s2024 ck a o 000 p spa d
035 _a(OCoLC)1474905293
040 _aDGITA
_beng
_erda
_epn
_cDGITA
020 _a9789587467963
_q(pdf)
020 _a9789587467970
_q(ePub)
020 _z9789587467956
_q(impreso)
050 1 4 _aPQ8174 ebook
245 0 0 _aPaz en femenino.
_nII :
_bel arte de bordar memorias /
_cIbeth Rocío Noriega Herazo, Angélica María Cortés Martínez, compiladoras.
250 _aPrimera edición.
264 1 _aSanta Marta D.T.C.H., Colombia :
_bEditorial Unimagdalena,
_c[2024]
300 _a1 online resource :
_billustrations.
336 _atext
_btxt
_2rdacontent
337 _acomputer
_bc
_2rdamedia
338 _aonline resource
_bcr
_2rdacarrier
347 _atext file
_2rdaft
347 _bPDF
490 1 _aColección Humanidades y artes. Serie Literatura y estudios literarios
588 0 _aOnline resource; title from PDF title page (Digitalia, viewed February 15, 2025)
655 7 _aPoetry.
_2lcgft
700 1 _aNoriega Herazo, Ibeth Rocío,
_eeditor.
700 1 _aCortés Martínez, Angélica María,
_eeditor.
776 0 8 _iPrint version:
_tPaz en femenino. II.
_bPrimera edición.
_dSanta Marta D.T.C.H., Colombia : Editorial Unimagdalena, [2024]
_z9789587467956
791 2 _aDigitalia (Firm),
_edistributor.
793 0 _gDigitalia eBook Collection:
_aEdiciones Unimagdalena
830 0 _aColección Humanidades y artes.
_pSerie Literatura y estudios literarios.
856 4 0 _3Digitalia Hispánica
_uhttps://www.digitaliapublishing.com/a/169905/
910 _aPremium collection: 2025
942 _cRAA
999 _c290267
_d290267